000 00519nam a22001937a 4500
999 _c65722
_d65722
005 20240530110840.0
008 191224s2019 g 00| 0 es d
017 _bمصر. دار الكتب
020 _a9789562444415
040 _aEG-CaGPL
_cEG-CaGPL
082 0 4 _221
_a861\
_bM P
100 1 _amistral , gadriela
245 1 0 _aprosa y poesia escolar /
_cgadriela mistral
300 _a192 p. ؛
_c20 sm.
650 0 7 _2qrmak
_aprosa
651 _2qrmak
_apoesia
942 _2ddc
_cBK